Name that Airport (N. America) - Statistics

General Stats
  • This quiz has been taken 26 times
  • The average score is 23 of 50
Answer Stats
Clue Code City % Correct
2) Hartsfield-Jackson ATL Atlanta
100%
4) John F Kennedy, Laguardia JFK, LGA New York
100%
5) Logan International BOS Boston
95%
7) Dulles, Reagan IAD, DCA Washington DC
95%
3) O'Hare, Midway ORD, MDW Chicago
91%
8) Sky Harbor International PHX Phoenix
91%
12) Pearson-Toronto YYZ Toronto
91%
9) George Bush Intercontiental IAH Houston
86%
49) Montreal-Trudeau YUL Montreal
82%
1) Louis Armstrong International MSY New Orleans
77%
21) Austin Bergstrom AUS Austin
73%
11) McCarran, Harry Reid LAS Las Vegas
73%
10) Sea-Tac International SEA Seattle
73%
24) Jose Marti International HAV Havana
68%
22) Daniel K Inouye HNL Honolulu
59%
50) Newark Liberty International EWR Newark
59%
23) Thurgood Marshall International BWI Baltimore
55%
18) Miguel Hidalgo y Castilla GDL Guadalajara
55%
20) Felipe Angeles International NLU Mexico City
50%
29) Eppley Airfield OMA Omaha
50%
33) Juan Santamaria SJO San Jose
50%
27) Ted Stevens ANC Anchorage
45%
13) MacDonald-Cartier YOW Ottawa
45%
32) Tocumen International PTY Panama City
45%
15) Jean Lesage International YQB Quebec City
45%
25) Fresno Yosemite FAT Fresno
41%
41) Norman Manley International KIN Kingston
41%
31) Lynden Pindling NAS Nassau
41%
38) Luis Munoz Marin SJU San Juan
41%
35) Philip SW Goldson BZE Belize City
32%
30) General Mitchell International MKE Milwaukee
32%
19) General Mariano Escobedo MTY Monterrey
32%
14) James Armstrong Richardson YWG Winnipeg
32%
34) La Aurora International GUA Guatemala City
27%
36) Augusto C Sandino MGA Managua
27%
39) Las Americas International SDQ Santo Domingo
27%
40) Grantley Adams BGI Bridgetown
23%
6) Bradley International BDL Hartford
23%
46) Toussaint Louverture International PAP Port Au Prince
23%
37) Toncontin International TGU Tegucigalpa
23%
45) VC Bird International ANU St Johns
18%
43) Piarco International Airport POS Port of Spain
14%
28) TF Green Airport PVD Providence
14%
47) Rick Husband International AMA Amarillo
9%
26) Southwest Florida International RSW Fort Myers
9%
48) McAllen Miller MFE McAllen
9%
16) Sangster International MBJ Montego Bay
9%
17) John G Diefenbaker International YXE Saskatoon
9%
42) Cyril E King Airport STT Charlotte Amalie
0%
44) Queen Beatrix International AUA Oranjestad
0%
No matching quizzes found
Score Distribution
Percent of People with Each Score
Percentile by Number Answered
Your Score History
You have not taken this quiz